Villes hôtes Finale Ligue des Champions - Statistiques

Statistiques générales
  • Ce quiz a été pris 167 fois
  • Le résultat moyen est 59 sur 69
Statistiques - réponses
Année Ville hôte % Correct
1956 Paris
100%
1975 Paris
100%
1981 Paris
100%
2000 Paris
100%
2006 Paris
100%
2022 Paris
100%
1963 Londres
99%
1968 Londres
99%
1971 Londres
99%
1978 Londres
99%
1992 Londres
99%
2011 Londres
99%
2013 Londres
99%
2024 Londres
99%
1989 Barcelone
98%
1999 Barcelone
98%
1957 Madrid
98%
1969 Madrid
98%
1980 Madrid
98%
2010 Madrid
98%
2019 Madrid
98%
1965 Milan
98%
1970 Milan
98%
2001 Milan
98%
2016 Milan
98%
1977 Rome
96%
1984 Rome
96%
1996 Rome
96%
2009 Rome
96%
1979 Munich
95%
1993 Munich
95%
1997 Munich
95%
2012 Munich
95%
2015 Berlin
93%
2008 Moscou
93%
1967 Lisbonne
92%
2014 Lisbonne
92%
2020 Lisbonne
92%
2005 Istanbul
90%
2023 Istanbul
90%
2003 Manchester
89%
2021 Porto
89%
1962 Amsterdam
87%
1998 Amsterdam
87%
1958 Bruxelles
85%
1966 Bruxelles
85%
1974 Bruxelles
85%
1985 Bruxelles
85%
2018 Kiev
85%
1964 Vienne
78%
1987 Vienne
78%
1990 Vienne
78%
1995 Vienne
78%
1983 Athènes
75%
1994 Athènes
75%
2007 Athènes
75%
1960 Glasgow
75%
1976 Glasgow
75%
2002 Glasgow
75%
1986 Seville
74%
1961 Berne
66%
1973 Belgrade
59%
1972 Rotterdam
57%
1982 Rotterdam
57%
2017 Cardiff
56%
1959 Stuttgart
28%
1988 Stuttgart
28%
2004 Gelsenkirchen
25%
1991 Bari
21%
Aucun quiz correspondant
Distribution des résultats
% des personnes avec chaque résultat
Percentile par nombre de réponses
Votre historique - résultats
Vous n’avez pas pris ce quiz